000 00526nam a2200169 a 4500
001 000026665
005 20200930030336.0
008 110324s1979 dr 000 0 spa d
020 _a8432203521
040 _aDO-SdBNP
_bspa
_cBNPHU
100 1 _aOnetti, Juan Carlos,
_d1909-1994
_923877
245 1 0 _aEl pozo para una tumba sin nombre /
_cJuan Carlos Onetti.
260 _aBarcelona :
_bEditorial Seix Barral,
_c1979.
300 _a146 p. ;
_c20 cm.
490 1 _aBiblioteca Breve
_v447
830 0 _aBiblioteca Breve
_v447
_913442
999 _c26157
_d26157